MyGZULibrary

Economic development of the Arab countries : (Record no. 2131)

MARC details
000 -LEADER
fixed length control field 01057pam a2200277 a 4500
001 - CONTROL NUMBER
control field 1579309
003 - CONTROL NUMBER IDENTIFIER
control field GZU
005 - DATE AND TIME OF LATEST TRANSACTION
control field 20201027155345.0
008 - FIXED-LENGTH DATA ELEMENTS--GENERAL INFORMATION
fixed length control field 930623s1993 dcua b i100 0 eng
010 ## - LIBRARY OF CONGRESS CONTROL NUMBER
LC control number 93025694
020 ## - INTERNATIONAL STANDARD BOOK NUMBER
International Standard Book Number 1557753326
040 ## - CATALOGING SOURCE
Original cataloging agency DLC
Transcribing agency DLC
Modifying agency DLC
043 ## - GEOGRAPHIC AREA CODE
Geographic area code ma-----
050 00 - LIBRARY OF CONGRESS CALL NUMBER
Classification number HC498
Item number .ECO 1993
245 00 - TITLE STATEMENT
Title Economic development of the Arab countries :
Remainder of title selected issues /
Statement of responsibility, etc. edited by Said El-Naggar.
260 ## - PUBLICATION, DISTRIBUTION, ETC.
Place of publication, distribution, etc. Washington, D.C. :
Name of publisher, distributor, etc. International Monetary Fund,
Date of publication, distribution, etc. 1993.
300 ## - PHYSICAL DESCRIPTION
Extent x, 290 p. :
Other physical details ill. ;
Dimensions 23 cm.
500 ## - GENERAL NOTE
General note "Papers presented at a seminar held in Bahrain, February 1-3, 1993."
504 ## - BIBLIOGRAPHY, ETC. NOTE
Bibliography, etc. note Includes bibliographical references.
651 #0 - SUBJECT ADDED ENTRY--GEOGRAPHIC NAME
Geographic name Arab countries
General subdivision Economic conditions
-- Congresses.
700 2# - ADDED ENTRY--PERSONAL NAME
Personal name El-Naggar, Saʻid,
Dates associated with a name 1920-
Relator term editor
710 2# - ADDED ENTRY--CORPORATE NAME
Corporate name or jurisdiction name as entry element International Monetary Fund.
906 ## - LOCAL DATA ELEMENT F, LDF (RLIN)
a 7
b cbc
c orignew
d 1
e ocip
f 19
g y-gencatlg
942 ## - ADDED ENTRY ELEMENTS (KOHA)
Source of classification or shelving scheme Library of Congress Classification
Koha item type Books
Classification part 498
Item part ECO
Call number prefix HC
Holdings
Withdrawn status Lost status Source of classification or shelving scheme Damaged status Not for loan Collection code Home library Current library Shelving location Date acquired Source of acquisition Total Checkouts Full call number Barcode Date last seen Copy number Price effective from Koha item type
    Library of Congress Classification     Non-fiction City Campus Library City Campus Library General Stacks 10/27/2020 International Labour Organisation   HC498 ECO 1993 028331 10/27/2020 c. 1 10/27/2020 Books